000 00896nam a2200229 i 4500
001 168184
003 ES-MaACL
005 20250717013104.0
008 051005s1886 fr | |||||||| ||fre d
040 _aCAM
_bspa
_cCAM
100 1 _aZola, Émile,
_d1840-1902
_9118331
245 1 3 _aLa curée /
_cpar Émile Zola.
260 _aParis :
_bG. Charpentier,
_c1886 (
_fImprimerie G. Marpon et E. Flammarion)
300 _a387 p. ;
_c19 cm.
490 1 _aBibliothèque Charpentier
490 1 _aLes Rrougon-Macquard. Histoire naturelle et sociale d'une famille sous le Seconde Empire
500 _aEn port. consta: Trentième Mille.
830 0 0 _aBibliothèque Charpentier
_9182245
830 0 _aLes Rrougon-Macquard. Histoire naturelle et sociale d'une famille sous le Seconde Empire
_9222693
852 _aES-MaACL
_jB-3240
_z-- Enc. pasta española
999 _c168184
_d168184